[Event "St Petersburg Summer op"]
[Site "St Petersburg"]
[Date "2017.08.22"]
[Round "7"]
[White "Kavyev, Ruslan"]
[Black "Abramov, Nikita"]
[Result "1-0"]
[WhiteElo "2057"]
[BlackElo "2311"]
[PlyCount "47"]
[EventDate "2017.08.16"]
[EventType "swiss"]
[EventRounds "9"]
[EventCountry "RUS"]
[SourceTitle "CBM 180 Extra"]
[Source "ChessBase"]
[SourceDate "2017.10.06"]
[SourceVersion "1"]
[SourceVersionDate "2017.10.06"]
[SourceQuality "1"]

1. d4 Nf6 2. c4 e6 3. g3 d5 4. Bg2 Bb4+ 5. Bd2 Be7 6. Nf3 0-0 7. 0-0 c6 8. Qc2 b6 9. Bf4 Ba6 10. b3 Nbd7 11. Nbd2 Rc8 12. e4 c5 13. exd5 exd5 14. Qb2 dxc4 15. Nxc4 Nd5 16. Bd2 N7f6 17. Rac1 cxd4 18. Nxd4 Bc5 19. Rfd1 Qc7 20. Nf5 Rcd8 21. Bh6 gxh6 22. Bxd5 Bxf2+ 23. Kxf2 Ng4+ 24. Kg2 1-0

[Event "St Petersburg Summer op"]
[Site "St Petersburg"]
[Date "2017.08.17"]
[Round "2"]
[White "Abramov, Nikita"]
[Black "Skvortsov, Andrei"]
[Result "1-0"]
[WhiteElo "2311"]
[BlackElo "2091"]
[PlyCount "85"]
[EventDate "2017.08.16"]
[EventType "swiss"]
[EventRounds "9"]
[EventCountry "RUS"]
[SourceTitle "CBM 180 Extra"]
[Source "ChessBase"]
[SourceDate "2017.10.06"]
[SourceVersion "1"]
[SourceVersionDate "2017.10.06"]
[SourceQuality "1"]

1. e4 e5 2. Nf3 Nc6 3. Bc4 Nf6 4. d3 Bc5 5. 0-0 d6 6. a4 a6 7. c3 Ba7 8. Nbd2 0-0 9. h3 Kh8 10. Re1 Nh5 11. Nf1 Nf4 12. Bxf4 exf4 13. d4 f5 14. e5 dxe5 15. Nxe5 Nxe5 16. Rxe5 c6 17. Nh2 Bb8 18. Re1 Bd7 19. Nf3 Bd6 20. Qd2 Be8 21. Ne5 Qh4 22. Be2 Bxe5 23. dxe5 Rd8 24. Qc2 Rd7 25. Rad1 Re7 26. Bf3 g5 27. Qe2 Rg7 28. Qc4 Rfg8 29. e6 Qh6 30. Qd4 c5 31. Qe5 Bxa4 32. Rd6 g4 33. hxg4 fxg4 34. Bxg4 Qh4 35. f3 Be8 36. e7 Qg3 37. Re2 Qh4 38. Rd8 h5 39. Bd7 Bxd7 40. Rxd7 Re8 41. Rd8 Rxd8 42. exd8Q+ Qxd8 43. Qxh5+ 1-0

[Event "St Petersburg rapid"]
[Site "St Petersburg"]
[Date "2016.08.27"]
[Round "2"]
[White "Ponkratov, Pavel"]
[Black "Abramov, Nikita"]
[Result "1/2-1/2"]
[WhiteElo "2589"]
[BlackElo "2276"]
[PlyCount "140"]
[EventDate "2016.08.27"]
[EventType "swiss (rapid)"]
[EventRounds "11"]
[EventCountry "RUS"]
[SourceTitle "CBM 174 Extra"]
[Source "ChessBase"]
[SourceDate "2016.10.10"]
[SourceVersion "1"]
[SourceVersionDate "2016.10.10"]
[SourceQuality "1"]

1. Nf3 Nf6 2. g3 b6 3. Bg2 Bb7 4. 0-0 e6 5. a4 a5 6. d3 d5 7. Nbd2 Be7 8. e4 dxe4 9. Ng5 Na6 10. dxe4 0-0 11. e5 Bxg2 12. Kxg2 Qd5+ 13. Ngf3 Nd7 14. Qe2 Nb4 15. Nc4 Nc5 16. Rd1 Qb7 17. h4 Rfd8 18. Bg5 Bxg5 19. hxg5 Ne4 20. Kg1 Na6 21. Qe3 Nb4 22. Ne1 Qc6 23. b3 Nc5 24. Na3 Qe4 25. Qxe4 Nxe4 26. Nb5 c6 27. Nd6 Nxd6 28. exd6 Nd5 29. Rd3 b5 30. axb5 cxb5 31. c4 Nb4 32. Rd4 bxc4 33. bxc4 e5 34. Rd2 a4 35. Ra3 Rac8 36. Rxa4 Rxc4 37. Nd3 Rd4 38. Rxb4 R4xd6 39. Kf1 f5 40. gxf6 Rxd3 41. Rxd3 Rxd3 42. fxg7 Kxg7 43. Ke2 Ra3 44. Rb7+ Kg6 45. Re7 Ra5 46. Kf3 Ra3+ 47. Ke4 Ra2 48. f3 Re2+ 49. Kd3 Re1 50. Re6+ Kf7 51. Rh6 Kg7 52. Rh5 Kg6 53. g4 Rd1+ 54. Ke3 Re1+ 55. Kf2 Ra1 56. Rxe5 Kf6 57. Rb5 h6 58. Kg3 Ra3 59. Rb8 Kg6 60. Rg8+ Kf7 61. Rh8 Kg7 62. Re8 Kf6 63. Kf4 Rb3 64. Re4 Ra3 65. Rb4 Ra6 66. Kg3 Ra3 67. Rf4+ Kg6 68. Kh4 Re3 69. Rf5 Ra3 70. f4 Rf3 1/2-1/2

[Event "St Petersburg Summer op"]
[Site "St Petersburg"]
[Date "2016.08.25"]
[Round "9"]
[White "Abramov, Nikita"]
[Black "Vunder, Andrei"]
[Result "1-0"]
[WhiteElo "2276"]
[BlackElo "2138"]
[PlyCount "109"]
[EventDate "2016.08.17"]
[EventType "swiss"]
[EventRounds "9"]
[EventCountry "RUS"]
[SourceTitle "CBM 174 Extra"]
[Source "ChessBase"]
[SourceDate "2016.10.10"]
[SourceVersion "1"]
[SourceVersionDate "2016.10.10"]
[SourceQuality "1"]

1. e4 e6 2. d4 d5 3. Nd2 c5 4. Ngf3 Nf6 5. exd5 exd5 6. Bb5+ Bd7 7. Bxd7+ Nbxd7 8. 0-0 Be7 9. dxc5 Nxc5 10. Nb3 Nce4 11. Nfd4 Nd6 12. c3 0-0 13. Nc5 Rc8 14. Nd3 Re8 15. Bf4 Bf8 16. Qb3 Qd7 17. Rad1 Nc4 18. Qb5 Qxb5 19. Nxb5 a6 20. Nd4 g6 21. Rfe1 Bg7 22. Rxe8+ Rxe8 23. Nb3 b6 24. Bc1 Kf8 25. Kf1 Ng4 26. h3 Nf6 27. Nb4 a5 28. Nxd5 a4 29. Nxf6 Bxf6 30. Nd4 Rd8 31. Ke2 Bxd4 32. Rxd4 Rxd4 33. cxd4 Ke7 34. Kd3 b5 35. d5 Nb6 36. Kd4 Nd7 37. Bf4 Kd8 38. Kc3 Nb6 39. Bg5+ Kc7 40. Kb4 a3 41. bxa3 Nxd5+ 42. Kxb5 Nc3+ 43. Kc4 Ne4 44. Be3 Kc6 45. a4 Nd6+ 46. Kb4 Ne8 47. a5 Nc7 48. Kc4 Na6 49. a3 Nc7 50. Kd4 f6 51. Kc4 Nb5 52. Kb4 Nc7 53. g3 Kd5 54. Bb6 Na6+ 55. Kb5 1-0

[Event "St Petersburg Summer op"]
[Site "St Petersburg"]
[Date "2016.08.24"]
[Round "8"]
[White "Dilmukhametov, Artur"]
[Black "Abramov, Nikita"]
[Result "1-0"]
[WhiteElo "2333"]
[BlackElo "2276"]
[PlyCount "95"]
[EventDate "2016.08.17"]
[EventType "swiss"]
[EventRounds "9"]
[EventCountry "RUS"]
[SourceTitle "CBM 174 Extra"]
[Source "ChessBase"]
[SourceDate "2016.10.10"]
[SourceVersion "1"]
[SourceVersionDate "2016.10.10"]
[SourceQuality "1"]

1. d4 Nf6 2. c4 e6 3. g3 c5 4. d5 exd5 5. cxd5 g6 6. Bg2 d6 7. Nc3 Bg7 8. Nf3 0-0 9. 0-0 Re8 10. a4 a6 11. Nd2 Nbd7 12. h3 Rb8 13. Nc4 Ne5 14. Na3 Nh5 15. e4 Qf6 16. Kh2 c4 17. a5 b5 18. axb6 Rxb6 19. f4 Nd3 20. Nxc4 Nxb2 21. Bxb2 Rxb2 22. Nxb2 Qxc3 23. Nd3 Qxa1 24. Qxa1 Bxa1 25. Rxa1 Nf6 26. Ra4 Kg7 27. e5 dxe5 28. fxe5 Nd7 29. Rc4 a5 30. Rc7 Kf8 31. e6 fxe6 32. dxe6 Nb8 33. Bd5 Na6 34. Rxh7 Kg8 35. Rd7 Kf8 36. Rf7+ Kg8 37. Rd7 Kf8 38. Ra7 Nb4 39. Nxb4 axb4 40. Rf7+ Kg8 41. e7 Bd7 42. Bb3 Kh8 43. g4 g5 44. Kg3 Kg8 45. h4 gxh4+ 46. Kxh4 Kh8 47. Kg5 Bxg4 48. Rf8+ 1-0

[Event "St Petersburg Summer op"]
[Site "St Petersburg"]
[Date "2016.08.19"]
[Round "3"]
[White "Abramov, Nikita"]
[Black "Pischikov, Vadim"]
[Result "1-0"]
[WhiteElo "2276"]
[BlackElo "2162"]
[PlyCount "89"]
[EventDate "2016.08.17"]
[EventType "swiss"]
[EventRounds "9"]
[EventCountry "RUS"]
[SourceTitle "CBM 174 Extra"]
[Source "ChessBase"]
[SourceDate "2016.10.10"]
[SourceVersion "1"]
[SourceVersionDate "2016.10.10"]
[SourceQuality "1"]

1. e4 e5 2. Nf3 Nc6 3. Bc4 Be7 4. 0-0 Nf6 5. d3 0-0 6. Re1 d6 7. a4 Be6 8. Nbd2 Qd7 9. c3 Ne8 10. b4 f5 11. exf5 Bxc4 12. Nxc4 Qxf5 13. Ba3 Nd8 14. b5 Qf7 15. Qe2 c5 16. d4 Ne6 17. dxc5 Nf4 18. Qf1 Nxg2 19. Qxg2 Qxc4 20. cxd6 Bxd6 21. Nxe5 Qc7 22. Bxd6 Nxd6 23. Rad1 Nf5 24. Rd7 Qxc3 25. Qd5+ Kh8 26. Rd1 Rae8 27. Nf7+ Rxf7 28. Rxf7 Nh6 29. Rxb7 Qf6 30. Rxa7 Ng4 31. Qg2 Nh6 32. Ra8 Rxa8 33. Qxa8+ Ng8 34. Qd5 Qg6+ 35. Kh1 Qc2 36. Qd4 h6 37. a5 Qb3 38. Qd5 Qa4 39. b6 Nf6 40. Qa8+ Kh7 41. Rg1 Qa2 42. Qb7 Qg8 43. a6 Ne8 44. a7 Nd6 45. Qxg7+ 1-0

[Event "St Petersburg Summer op"]
[Site "St Petersburg"]
[Date "2016.08.17"]
[Round "1"]
[White "Abramov, Nikita"]
[Black "Yakovlev, Yuri S"]
[Result "1-0"]
[WhiteElo "2276"]
[BlackElo "1891"]
[PlyCount "73"]
[EventDate "2016.08.17"]
[EventType "swiss"]
[EventRounds "9"]
[EventCountry "RUS"]
[SourceTitle "CBM 174 Extra"]
[Source "ChessBase"]
[SourceDate "2016.10.10"]
[SourceVersion "1"]
[SourceVersionDate "2016.10.10"]
[SourceQuality "1"]

1. e4 c5 2. Nf3 a6 3. c4 b6 4. Nc3 Bb7 5. d4 cxd4 6. Nxd4 e6 7. Be2 Nc6 8. Be3 Rc8 9. Nxc6 Bxc6 10. 0-0 Bc5 11. Bd4 Qg5 12. Kh1 h5 13. f4 Qh4 14. Bxg7 Rh7 15. Bd4 Nh6 16. Bxc5 bxc5 17. Qe1 Qf6 18. e5 Qg7 19. Bf3 Ng4 20. Bxc6 Rxc6 21. Ne4 f5 22. Nd6+ Rxd6 23. exd6 Qd4 24. Rd1 Qxc4 25. Rf3 Qc2 26. Qd2 Qe4 27. Qa5 Rg7 28. Qxc5 Nf6 29. Rg1 Qe2 30. Qf2 Qxf2 31. Rxf2 Ne4 32. Rc2 Nxd6 33. Rd1 Ne4 34. Kg1 d5 35. Rc8+ Kd7 36. Ra8 Kd6 37. Rxa6+ 1-0

[Event "Chigorin Memorial 23rd"]
[Site "St Petersburg"]
[Date "2015.10.06"]
[Round "4"]
[White "Atabayev, Yusup"]
[Black "Abramov, Nikita"]
[Result "1-0"]
[WhiteElo "2428"]
[BlackElo "2222"]
[PlyCount "117"]
[EventDate "2015.10.03"]
[EventType "swiss"]
[EventRounds "9"]
[EventCountry "RUS"]
[SourceTitle "CBM 168 Extra"]
[Source "ChessBase"]
[SourceDate "2015.10.29"]
[SourceVersion "1"]
[SourceVersionDate "2015.10.29"]
[SourceQuality "1"]

1. e4 c5 2. Nf3 Nc6 3. d4 cxd4 4. Nxd4 Nf6 5. Nc3 d6 6. Be2 e5 7. Nb3 Be7 8. 0-0 0-0 9. Bf3 a5 10. Be3 a4 11. Nd2 a3 12. bxa3 Rxa3 13. Nb3 Be6 14. Bc1 Ra8 15. a4 Nd7 16. Nd5 Nb6 17. Ba3 Nc4 18. Be2 Nxa3 19. Rxa3 f5 20. exf5 Bxf5 21. Bd3 e4 22. Bc4 Kh8 23. Nd4 Bd7 24. Nb5 Ne5 25. Be2 Bc6 26. Qd4 Bg5 27. c4 Ng6 28. Qxe4 Re8 29. Qc2 Bxd5 30. cxd5 Rc8 31. Rc3 Rxc3 32. Nxc3 Qc7 33. Bb5 Rf8 34. Qb3 Bf4 35. Ne2 Be5 36. Qh3 Nf4 37. Nxf4 Rxf4 38. Bd3 g5 39. g3 Rxa4 40. Qf5 Qe7 41. Qc8+ Kg7 42. Rc1 Ra1 43. Bb1 Qf7 44. Rc7 Rxb1+ 45. Kg2 Qxc7 46. Qxc7+ Kh6 47. h4 gxh4 48. f4 Bf6 49. Qxd6 Rb2+ 50. Kf3 Kg6 51. gxh4 b5 52. h5+ Kg7 53. Kg4 Rh2 54. Qd7+ Kg8 55. Qxb5 Rh4+ 56. Kf5 Bg7 57. Qe8+ Bf8 58. d6 Rh2 59. d7 1-0

[Event "Chigorin Memorial 23rd"]
[Site "St Petersburg"]
[Date "2015.10.05"]
[Round "3"]
[White "Abramov, Nikita"]
[Black "Kuryshev, Ivan"]
[Result "1-0"]
[WhiteElo "2222"]
[BlackElo "1989"]
[PlyCount "57"]
[EventDate "2015.10.03"]
[EventType "swiss"]
[EventRounds "9"]
[EventCountry "RUS"]
[SourceTitle "CBM 168 Extra"]
[Source "ChessBase"]
[SourceDate "2015.10.29"]
[SourceVersion "1"]
[SourceVersionDate "2015.10.29"]
[SourceQuality "1"]

1. c4 c5 2. Nf3 g6 3. Nc3 Bg7 4. d4 cxd4 5. Nxd4 Nc6 6. Nc2 Nf6 7. g3 0-0 8. Bg2 d6 9. 0-0 Be6 10. b3 Qa5 11. Bd2 Qh5 12. e4 Bg4 13. f3 Bh3 14. Qe2 Nd7 15. Qf2 Bxg2 16. Qxg2 Qc5+ 17. Kh1 a6 18. Rac1 b5 19. cxb5 axb5 20. Ne3 Bxc3 21. Rxc3 Qd4 22. Rxc6 Rxa2 23. Bc3 Qa7 24. Nd5 Ne5 25. Rc7 Qa8 26. Qh3 e6 27. Nf6+ Kg7 28. Ng4 b4 29. Qh6+ 1-0

[Event "Chigorin Memorial 23rd"]
[Site "St Petersburg"]
[Date "2015.10.04"]
[Round "2"]
[White "Arslanov, Shamil"]
[Black "Abramov, Nikita"]
[Result "1-0"]
[WhiteElo "2416"]
[BlackElo "2222"]
[PlyCount "103"]
[EventDate "2015.10.03"]
[EventType "swiss"]
[EventRounds "9"]
[EventCountry "RUS"]
[SourceTitle "CBM 168 Extra"]
[Source "ChessBase"]
[SourceDate "2015.10.29"]
[SourceVersion "1"]
[SourceVersionDate "2015.10.29"]
[SourceQuality "1"]

1. d4 Nf6 2. c4 e6 3. Nc3 Bb4 4. e3 b6 5. Nge2 Ba6 6. Ng3 c5 7. d5 exd5 8. cxd5 Bxf1 9. Kxf1 0-0 10. e4 Re8 11. f3 d6 12. Bf4 g6 13. Nb5 c4 14. Bg5 Nbd7 15. Nd4 Bc5 16. Nc6 Qc8 17. Qa4 h5 18. Qxc4 Nh7 19. Bh6 b5 20. Qc3 f6 21. b4 Bb6 22. h4 Ne5 23. Rc1 Qd7 24. Bf4 Nc4 25. a4 a6 26. a5 Bd8 27. Kf2 Be7 28. Qd3 Bf8 29. Nf1 Ne5 30. Nxe5 dxe5 31. Bd2 Rec8 32. Ne3 Be7 33. g4 Rxc1 34. Rxc1 hxg4 35. Nxg4 Kg7 36. Rc6 Bd6 37. Qe3 Qe7 38. Qh6+ Kh8 39. Qxg6 Rg8 40. Qh6 Bxb4 41. Bxb4 Qxb4 42. Rc7 Qd4+ 43. Ke2 Qb2+ 44. Kf1 Qb1+ 45. Kf2 Qb2+ 46. Kg3 Rxg4+ 47. Kxg4 Qg2+ 48. Kf5 Qh3+ 49. Kg6 Qg2+ 50. Qg5 Nf8+ 51. Kxf6 Nh7+ 52. Rxh7+ 1-0

[Event "RUS-chT U18"]
[Site "St Petersburg"]
[Date "2015.08.06"]
[Round "6.53"]
[White "Abramov, Nikita"]
[Black "Zaozerskih, Sergey"]
[Result "1-0"]
[WhiteElo "2269"]
[BlackElo "1902"]
[PlyCount "75"]
[EventDate "2015.08.01"]
[EventType "team-swiss"]
[EventRounds "9"]
[EventCountry "RUS"]
[SourceTitle "CBM 167 Extra"]
[Source "ChessBase"]
[SourceDate "2015.09.14"]
[SourceVersion "1"]
[SourceVersionDate "2015.09.14"]
[SourceQuality "1"]
[WhiteTeam "SDYuSShOR SS II"]
[BlackTeam "Perovo II"]
[WhiteTeamCountry "RUS"]
[BlackTeamCountry "RUS"]

1. c4 Nf6 2. g3 g6 3. Bg2 Bg7 4. Nc3 0-0 5. e4 d6 6. Nge2 Nbd7 7. 0-0 e5 8. d3 h6 9. h3 Re8 10. Be3 Nf8 11. Qd2 Kh7 12. f4 c6 13. Rae1 Qe7 14. f5 gxf5 15. exf5 Rd8 16. d4 c5 17. d5 a6 18. a4 N8d7 19. g4 Ng8 20. Ng3 f6 21. h4 Rf8 22. Be4 Kh8 23. Kf2 Rf7 24. Ke2 Bf8 25. Rh1 Rh7 26. g5 b6 27. g6 Rg7 28. Bxh6 Nxh6 29. Qxh6+ Kg8 30. Qd2 Kh8 31. h5 Rg8 32. h6 Ra7 33. Qd3 Nb8 34. Qf3 Bd7 35. Qg4 Be8 36. g7+ Kh7 37. Qg6+ Bxg6 38. fxg6# 1-0

[Event "St Petersburg rapid"]
[Site "St Petersburg"]
[Date "2015.03.14"]
[Round "4"]
[White "Abramov, Nikita"]
[Black "Sudakova, Irina"]
[Result "1/2-1/2"]
[WhiteElo "2263"]
[BlackElo "2352"]
[PlyCount "103"]
[EventDate "2015.03.14"]
[EventType "swiss (rapid)"]
[EventRounds "9"]
[EventCountry "RUS"]
[SourceTitle "CBM 165 Extra"]
[Source "ChessBase"]
[SourceDate "2015.04.21"]
[SourceVersion "1"]
[SourceVersionDate "2015.04.21"]
[SourceQuality "1"]

1. e4 c5 2. Nf3 d6 3. d4 Nf6 4. Nc3 cxd4 5. Nxd4 Nc6 6. Bc4 e6 7. Be3 a6 8. Bb3 Be7 9. f4 e5 10. Nf5 Bxf5 11. exf5 exf4 12. Bxf4 Qb6 13. Qd2 0-0 14. 0-0-0 Ne5 15. h3 Rfc8 16. g4 Nc4 17. Qd3 Ne5 18. Qd2 h6 19. Kb1 a5 20. Qd4 Qc6 21. Ba4 Qc4 22. Bb3 Qc6 23. a4 Bf8 24. Nb5 Rd8 25. Qf2 Ne4 26. Qe2 Nc5 27. Bd5 Qb6 28. b3 Nc6 29. Qc4 Rd7 30. h4 Nb4 31. g5 Nxd5 32. Rxd5 Re8 33. gxh6 Re4 34. Rd4 d5 35. Qc3 Qf6 36. Rxe4 Nxe4 37. Qxf6 gxf6 38. Rd1 Kh7 39. c4 d4 40. Rxd4 Re7 41. Kc2 Bxh6 42. Bxh6 Kxh6 43. Rd8 Nc5 44. Nc3 Re5 45. Nd5 Rxf5 46. Rc8 Rf2+ 47. Kc3 Rf3+ 48. Kd4 Nxb3+ 49. Ke4 Nd2+ 50. Kd4 Nb3+ 51. Ke4 Nd2+ 52. Kd4 1/2-1/2

[Event "St Petersburg blitz prelim"]
[Site "St Petersburg"]
[Date "2014.12.07"]
[Round "2"]
[White "Matlakov, Maxim"]
[Black "Abramov, Nikita"]
[Result "1/2-1/2"]
[WhiteElo "2695"]
[BlackElo "2292"]
[PlyCount "138"]
[EventDate "2014.12.07"]
[EventType "swiss (blitz)"]
[EventRounds "11"]
[EventCountry "RUS"]
[SourceTitle "CBM 163 Extra"]
[Source "ChessBase"]
[SourceDate "2014.12.23"]
[SourceVersion "1"]
[SourceVersionDate "2014.12.23"]
[SourceQuality "1"]

1. Nf3 Nf6 2. c4 g6 3. g3 Bg7 4. Bg2 0-0 5. 0-0 c5 6. Nc3 Nc6 7. d4 cxd4 8. Nxd4 Nxd4 9. Qxd4 d6 10. Qd3 Bf5 11. e4 Be6 12. b3 Nd7 13. Bd2 a5 14. Rac1 Qb6 15. Be3 Nc5 16. Qe2 Qa6 17. f4 f5 18. exf5 Bxf5 19. Rfd1 e5 20. Nd5 exf4 21. Nc7 Qa7 22. Bf2 fxg3 23. hxg3 Rad8 24. Nb5 Qb8 25. Bd4 Rde8 26. Qb2 Bxd4+ 27. Qxd4 Be4 28. Nxd6 Bxg2 29. Qxc5 Re2 30. Re1 Rd2 31. Rcd1 b6 32. Qe5 Rxd1 33. Rxd1 Bf3 34. Qe6+ Kg7 35. Qe7+ Kg8 36. Rf1 Qd8 37. Qe6+ Kg7 38. Qe5+ Kg8 39. a3 Qd7 40. Re1 Qh3 41. Qe6+ Qxe6 42. Rxe6 Bg4 43. Re3 h5 44. b4 axb4 45. axb4 Rd8 46. c5 bxc5 47. bxc5 g5 48. Re5 Kh7 49. Rxg5 Rb8 50. Re5 Rb1+ 51. Kf2 Rc1 52. Ke3 Rc3+ 53. Kf4 Rf3+ 54. Kg5 Rxg3 55. Re7+ Kg8 56. Ne4 Rd3 57. Nf6+ Kf8 58. Ra7 Rd8 59. Kg6 Be6 60. c6 Rc8 61. Nh7+ Ke8 62. Nf6+ Kf8 63. c7 Ke7 64. Ne4 Kd7 65. Nc5+ Kd6 66. Nxe6 Kxe6 67. Kxh5 Kd7 68. Rb7 Rxc7 69. Rxc7+ Kxc7 1/2-1/2

[Event "Chigorin Memorial 22nd"]
[Site "St Petersburg"]
[Date "2014.10.21"]
[Round "4"]
[White "Grinblat, Artemiy"]
[Black "Abramov, Nikita"]
[Result "1-0"]
[WhiteElo "2100"]
[BlackElo "2318"]
[PlyCount "51"]
[EventDate "2014.10.18"]
[EventType "swiss"]
[EventRounds "9"]
[EventCountry "RUS"]
[SourceTitle "EXT 2015"]
[Source "ChessBase"]
[SourceDate "2014.11.20"]
[SourceVersion "1"]
[SourceVersionDate "2014.11.20"]
[SourceQuality "1"]

1. e4 c5 2. c3 e6 3. d4 d5 4. e5 Nc6 5. Be3 f6 6. Nf3 Nh6 7. Bd3 cxd4 8. cxd4 Nf7 9. 0-0 fxe5 10. dxe5 Ncxe5 11. Nxe5 Nxe5 12. Qh5+ Nf7 13. Bd4 Bd7 14. f4 Qc7 15. Kh1 Bc6 16. Nc3 a6 17. f5 0-0-0 18. fxe6 Nh6 19. Rac1 Kb8 20. Rxf8 Rhxf8 21. Be5 Rd6 22. Nxd5 Rxd5 23. Bxc7+ Kc8 24. Qxd5 Bxd5 25. Bd6+ Kd8 26. e7+ 1-0

[Event "Chigorin Memorial 22nd"]
[Site "St Petersburg"]
[Date "2014.10.20"]
[Round "3"]
[White "Abramov, Nikita"]
[Black "Baraeva, Marina"]
[Result "1/2-1/2"]
[WhiteElo "2318"]
[BlackElo "2089"]
[PlyCount "92"]
[EventDate "2014.10.18"]
[EventType "swiss"]
[EventRounds "9"]
[EventCountry "RUS"]
[SourceTitle "EXT 2015"]
[Source "ChessBase"]
[SourceDate "2014.11.20"]
[SourceVersion "1"]
[SourceVersionDate "2014.11.20"]
[SourceQuality "1"]

1. e4 e6 2. d3 d5 3. Nd2 c5 4. Ngf3 Nc6 5. g3 Bd6 6. Bg2 Nge7 7. 0-0 0-0 8. Re1 Bc7 9. c3 e5 10. exd5 Nxd5 11. Nc4 f6 12. Qb3 Kh8 13. Qb5 Bb6 14. Nxb6 axb6 15. Nd2 Be6 16. Nc4 Na7 17. Qb3 b5 18. Ne3 Nxe3 19. Qxe6 Re8 20. Qh3 Nxg2 21. Qxg2 Nc6 22. Be3 Qxd3 23. Bxc5 Qc4 24. Ba3 e4 25. f3 e3 26. Rad1 Rad8 27. Rxd8 Rxd8 28. Qe2 Ne5 29. Qxc4 Nxf3+ 30. Kh1 bxc4 31. Rxe3 Ne5 32. Re2 h5 33. Bc5 Rd1+ 34. Kg2 Nd3 35. Ba3 Kh7 36. Kf3 Ne5+ 37. Ke4 Kg6 38. b3 Rd3 39. Bb4 b5 40. a4 Nf3 41. bxc4 bxc4 42. Re3 Ng5+ 43. Kf4 Rd2 44. Re8 Rd3 45. Re3 Nh3+ 46. Kf3 Ng1+ 1/2-1/2

[Event "St Petersburg-ch rap"]
[Site "St Petersburg"]
[Date "2014.03.09"]
[Round "6"]
[White "Levin, Evgeny A"]
[Black "Abramov, Nikita"]
[Result "1/2-1/2"]
[WhiteElo "2505"]
[BlackElo "2069"]
[PlyCount "103"]
[EventDate "2014.03.08"]
[EventType "swiss (rapid)"]
[EventRounds "9"]
[EventCountry "RUS"]
[SourceTitle "CBM 159 Extra"]
[Source "ChessBase"]
[SourceDate "2014.04.24"]
[SourceVersion "1"]
[SourceVersionDate "2014.04.24"]
[SourceQuality "1"]

1. d4 e6 2. Nf3 Nf6 3. Bg5 h6 4. Bh4 Be7 5. Nbd2 d5 6. e3 b6 7. Bd3 Bb7 8. 0-0 Ne4 9. Bg3 0-0 10. Qe2 Nd7 11. Rfd1 c5 12. c3 Ndf6 13. Ne5 Nxg3 14. hxg3 Qc7 15. Rac1 Ne4 16. Nxe4 dxe4 17. Ba6 Bxa6 18. Qxa6 Rfd8 19. a4 Rac8 20. Qe2 Qb7 21. Ra1 a6 22. Ra2 Bd6 23. Nc4 cxd4 24. Nxd6 Rxd6 25. exd4 Rcd8 26. Re1 f5 27. g4 a5 28. Qe3 Qd5 29. Ra3 Rf8 30. Qf4 g5 31. Qh2 Kg7 32. Rd1 f4 33. Qh3 e5 34. Raa1 Rfd8 35. Rd2 exd4 36. Rxd4 Qe5 37. Re1 Rxd4 38. cxd4 Qxd4 39. Qa3 Rd7 40. Qb3 Rd5 41. Qc2 e3 42. Kh2 Rd7 43. fxe3 fxe3 44. Qe2 Re7 45. b3 Re6 46. Rd1 Qe5+ 47. Kg1 Re7 48. Rd3 Kh7 49. Qc2 Qe4 50. Qe2 Qe5 51. Qc2 Kg7 52. Qe2 1/2-1/2

[Event "St Petersburg-ch rap"]
[Site "St Petersburg"]
[Date "2014.03.08"]
[Round "5"]
[White "Abramov, Nikita"]
[Black "Pershin, Denis"]
[Result "1-0"]
[WhiteElo "2069"]
[BlackElo "2157"]
[PlyCount "73"]
[EventDate "2014.03.08"]
[EventType "swiss (rapid)"]
[EventRounds "9"]
[EventCountry "RUS"]
[SourceTitle "CBM 159 Extra"]
[Source "ChessBase"]
[SourceDate "2014.04.24"]
[SourceVersion "1"]
[SourceVersionDate "2014.04.24"]
[SourceQuality "1"]

1. e4 c5 2. Nf3 d6 3. d4 cxd4 4. Nxd4 Nf6 5. f3 e5 6. Bb5+ Nbd7 7. Nf5 d5 8. exd5 a6 9. Ba4 b5 10. Bb3 Nc5 11. Ne3 Qb6 12. Nc3 Nxb3 13. axb3 Bc5 14. Qd3 Bb7 15. Ne4 0-0 16. c4 Rfd8 17. 0-0 Nh5 18. Nxc5 Qxc5 19. Kh1 Nf4 20. Qe4 Re8 21. Nf5 Qc7 22. Bxf4 exf4 23. Qd4 f6 24. Rad1 Qd7 25. Qxf4 Re5 26. Ng3 Rc8 27. Rfe1 Rxe1+ 28. Rxe1 bxc4 29. bxc4 Qa4 30. Nf5 Qb4 31. Qg3 Rc7 32. Re8+ Kf7 33. Nd6+ Qxd6 34. Qxd6 Rxc4 35. Qe6+ Kg6 36. h4 Bc8 37. Rxc8 1-0

[Event "St Petersburg-ch rap"]
[Site "St Petersburg"]
[Date "2014.03.08"]
[Round "4"]
[White "Duzhakov, Ilya"]
[Black "Abramov, Nikita"]
[Result "0-1"]
[WhiteElo "2384"]
[BlackElo "2069"]
[PlyCount "74"]
[EventDate "2014.03.08"]
[EventType "swiss (rapid)"]
[EventRounds "9"]
[EventCountry "RUS"]
[SourceTitle "CBM 159 Extra"]
[Source "ChessBase"]
[SourceDate "2014.04.24"]
[SourceVersion "1"]
[SourceVersionDate "2014.04.24"]
[SourceQuality "1"]

1. d4 e6 2. Nf3 Nf6 3. Bf4 b6 4. Nbd2 Bb7 5. e3 Be7 6. Bd3 d5 7. Ne5 0-0 8. Qf3 Nbd7 9. Qh3 c5 10. c3 h6 11. f3 Nxe5 12. dxe5 Nd7 13. 0-0-0 a5 14. Kb1 Bg5 15. Bxg5 Qxg5 16. f4 Qe7 17. g4 d4 18. g5 dxc3 19. gxh6 g6 20. Ne4 c4 21. Bc2 Bxe4 22. Bxe4 Rad8 23. bxc3 Nc5 24. Bc2 Nd3 25. Qf1 Qd7 26. Ka1 Qb5 27. Rb1 Qc5 28. Qe2 Qa3 29. Bxd3 Qxc3+ 30. Qb2 Qxd3 31. Rhc1 Qxe3 32. Rxc4 Rd2 33. Qxb6 Qe2 34. Qxa5 Rfd8 35. Rc7 Qf2 36. h7+ Kxh7 37. Qc3 Rxa2# 0-1

[Event "EU-ch U12"]
[Site "Prague"]
[Date "2012.08.24"]
[Round "8"]
[White "Kadlec, Daniel"]
[Black "Abramov, Nikita"]
[Result "1/2-1/2"]
[WhiteElo "1651"]
[BlackElo "1970"]
[PlyCount "99"]
[EventDate "2012.08.17"]
[EventType "swiss"]
[EventRounds "9"]
[EventCountry "CZE"]
[SourceTitle "CBM 150 Extra"]
[Source "ChessBase"]
[SourceDate "2012.10.19"]
[SourceVersion "1"]
[SourceVersionDate "2012.10.19"]
[SourceQuality "1"]

1. e4 e6 2. d4 d5 3. Nd2 a6 4. Ngf3 c5 5. exd5 exd5 6. dxc5 Bxc5 7. Nb3 Ba7 8. Bd3 Ne7 9. 0-0 Bg4 10. Re1 Nbc6 11. Be3 Bxe3 12. Rxe3 h6 13. h3 Bd7 14. Nc5 Bc8 15. Qd2 0-0 16. Rae1 Qd6 17. Nb3 Bf5 18. Nbd4 Bxd3 19. Qxd3 Nxd4 20. Nxd4 Ng6 21. Nf5 Qf6 22. c3 Nf4 23. Qc2 Ne6 24. Rg3 Kh8 25. Ree3 Rad8 26. Rg4 Rfe8 27. h4 h5 28. Rb4 b5 29. Rf3 Qe5 30. Re3 Qc7 31. Qe2 g6 32. Nd4 Ng7 33. Qf3 Rxe3 34. Qxe3 Re8 35. Qh6+ Kg8 36. Nf3 Re2 37. Qg5 Nf5 38. Kf1 Re8 39. Qd2 a5 40. Rf4 Rd8 41. Nd4 Qc4+ 42. Kg1 Nxd4 43. Qxd4 Qxa2 44. Qb6 Re8 45. Qxb5 Re1+ 46. Kh2 Re7 47. Qb8+ Kg7 48. Qb6 Rd7 49. Qb5 Re7 50. Qb6 1/2-1/2